Software Development with UML/ (Record no. 35727)
[ view plain ]
| 000 -LEADER | |
|---|---|
| fixed length control field | 00424nam a22001577a 4500 |
| 005 - DATE AND TIME OF LATEST TRANSACTION | |
| control field | 20240509091642.0 |
| 008 - FIXED-LENGTH DATA ELEMENTS--GENERAL INFORMATION | |
| fixed length control field | 240509b |||||||| |||| 00| 0 eng d |
| 020 ## - INTERNATIONAL STANDARD BOOK NUMBER | |
| ISBN | 0-333-98595-8 |
| 082 ## - DEWEY DECIMAL CLASSIFICATION NUMBER | |
| Classification number | 005.117 |
| Item number | LUN-S |
| 100 ## - MAIN ENTRY--AUTHOR | |
| Author Name | Lunn;Ken |
| 245 ## - TITLE STATEMENT | |
| Title | Software Development with UML/ |
| Statement of responsibility, etc. | Ken Lunn |
| 260 ## - PUBLICATION, DISTRIBUTION, ETC. | |
| Place of Publication | UK; |
| Name of publisher, distributor, etc. | Palgrave McMillan Ltd; |
| Date of publication, distribution, etc. | 2003 |
| 300 ## - PHYSICAL DESCRIPTION | |
| Pages | xv, 413 p.: |
| 500 ## - GENERAL NOTE | |
| General note | Include index. |
| 300 ## - PHYSICAL DESCRIPTION | |
| -- | ill; |
| -- | 24.5 cm. |
| 952 ## - LOCATION AND ITEM INFORMATION (KOHA) | |
| -- | 0 |
| -- | 0 |
| Lost status | Damaged status | Collection code | Permanent Location | Current Location | Shelving Location | Date acquired | Full Call Number | Accession No./Barcode | Date last seen | item type | Koha item type |
|---|---|---|---|---|---|---|---|---|---|---|---|
| CS/IT | Superior Information Resource Center (SIRC) Superior University - City Campus | Superior Information Resource Center (SIRC) Superior University - City Campus | Computer Science | 05/09/2024 | 005.117 LUN-S 2003 | 20215 | 05/09/2024 | BOOK | BOOK |
